Chatham Main Line stations - Statistics

General Stats
  • This quiz has been taken 22 times
  • The average score is 31 of 43
Answer Stats
Answer % Correct
Chatham
100%
Margate
100%
Gillingham
94%
Dover Priory
89%
Faversham
89%
London Victoria
89%
Rainham
89%
Ramsgate
89%
Rochester
89%
Canterbury East
83%
Herne Bay
83%
Sittingbourne
83%
Brixton
78%
Broadstairs
78%
Bromley South
78%
Teynham
78%
Whitstable
78%
Beckenham Junction
72%
Birchington-on-Sea
72%
Kent House
72%
Meopham
72%
St Mary Cray
72%
Herne Hill
67%
Longfield
67%
Newington
67%
Sole Street
67%
Bickley
61%
Dumpton Park
61%
Farningham Road
61%
Penge East
61%
Swanley
61%
Sydenham Hill
61%
Westgate-on-Sea
61%
Adisham
56%
Aylesham
56%
Bekesbourne
56%
Kearsney
56%
Selling
56%
Shepherds Well
56%
Shortlands
56%
West Dulwich
56%
Chestfield & Swalecliffe
50%
Snowdown
50%
No matching quizzes found
Score Distribution
Percent of People with Each Score
Percentile by Number Answered
Your Score History
You have not taken this quiz